| 000 | 00896nam a2200253Ia 4500 | ||
|---|---|---|---|
| 003 | OSt | ||
| 005 | 20220927110314.0 | ||
| 006 | a|||||r|||| 00| 0 | ||
| 007 | ta | ||
| 008 | 220926b |||||||| |||| 00| 0 eng d | ||
| 024 | _a120127 | ||
| 037 | _cReference Collections | ||
| 040 |
_aRTL _cRTL _beng |
||
| 041 |
_2eng _aeng |
||
| 082 | _a"Up2,P02, P3" | ||
| 110 |
_aInternaitonal Conference on environment Locaitonal. Decision and Regional Planning (2002)(Shillong) _9376133 |
||
| 245 | 0 | _aProceeding Ed by Surender Singh | |
| 260 |
_aShillong _bGeographical Society of North Eastren Hill Region _c2003 |
||
| 300 |
_a"xiv, 254p. bib chapterwise" _ccm. |
||
| 650 | _aGeography | ||
| 700 |
_aInternaitonal Conference on environment Locaitonal. Decision and Regional Planning (2002)(Shillong) _9376134 |
||
| 942 |
_h"Up2,P02, P3" _cCC |
||
| 999 |
_c695537 _d695537 |
||